00284nam a2200097Ia 4500008004100000020001800041100002100059245005300080260003900133300001400172180205s9999 xx 000 0 und d a9789810868741 aCollins, Suzanne 4aThe final book of the hunger game /bMocking jay aNew york :bScholastic Pressc2010 a390 pages